00325nam a2200109Ia 4500008004100000041000800041100001600049245002800065260000900093999001900102952009400121230508s1993 xx 000 0 und d aeng aNAGPAL G.R. aPOWER PLANT ENGINEERING c1993 c341515d341515 00104070aITPbITPd2023-05-09g35.00l0pITP-6966r2023-05-09 00:00:00w2023-05-09yBK